[Event "IECG TG-2007-0-15748"]
[Site "IECG email"]
[Date "2007.05.13"]
[Round "1"]
[White "Van Dijk, Edgar"]
[Black "Williams, Derek"]
[Result "0-1"]
[WhiteElo "1220"]
[BlackElo "1132"]
[PlyCount "80"]
[EventDate "2007.05.13"]
[EventType "tourn (corr)"]
[EventRounds "6"]
[SourceTitle "Corr 2024"]
[Source "ChessBase"]
[SourceDate "2023.10.19"]
[SourceVersion "1"]
[SourceVersionDate "2023.10.19"]
[SourceQuality "1"]

1. e4 d5 2. exd5 Qxd5 3. Nc3 Qe6+ 4. Be2 Bd7 5. Nf3 Nc6 6. d4 Qg6 7. 0-0 0-0-0 8. Bf4 Nb4 9. a3 Na6 10. Ne5 Qf5 11. Nxd7 Rxd7 12. Bxc7 Kxc7 13. Bg4 Qg5 14. Bxd7 Kxd7 15. Qf3 Kc8 16. Qxf7 Nf6 17. Qc4+ Kb8 18. b4 Nc7 19. a4 Nfd5 20. Nxd5 Nxd5 21. b5 Nf4 22. g3 Qd5 23. Qxd5 Nxd5 24. c4 Nb4 25. a5 Nc2 26. Rac1 Nxd4 27. Rcd1 e5 28. f4 e4 29. Kg2 Bc5 30. Rfe1 Re8 31. g4 Nc2 32. Re2 Ne3+ 33. Rxe3 Bxe3 34. Kf1 Bxf4 35. h3 Kc7 36. c5 a6 37. bxa6 bxa6 38. Rb1 Be3 39. Rb6 Bxc5 40. Rxa6 Kb7 0-1